00504nam a2200157Ia 4500003000900000008004100009040001600050080002700066100002000093245009700113260003300210300001400243650002300257650004300280700002300323IN-BaIIA211028s9999 xx 000 0 eng d cIIA Library a083.3:524.3.335.3bSTR aStriganov, A. R 0aTables of spectral lines of neutral and ionized atomscA. R. Strignaov and N. S. Sventitskii aNew YorkbPlenum Pressc1968 axi, 899p. a Tables - Spectra aAstronomy and astrophysics thesaurus  aSventitskii, N. S.